El gorro del obispo /

Bibliographic Details
Main Authors: Cardoso, Pablo, 1965- (Author), Zapata, Cristóbal (Author)
Format: Electronic eBook
Language:Spanish
Published: Cuenca, Ecuador : Universidad del Azuay, Casa Editora, [2025]
Subjects:
Online Access:Digitalia Hispánica

MARC

LEADER 00000nam a2200000 i 4500
001 DIGUAZUAY0291
003 NyNyDIG
007 cr |||||||||||
008 260119s2025 ec ao o 000 0 spa d
006 m o d
035 |a (OCoLC)1536988756 
040 |a DGITA  |b eng  |e rda  |e pn  |c DGITA 
020 |a 9789942670823  |q eBook 
020 |z 9789942670830 
043 |a s-ec--- 
050 1 4 |a NX536 ebook 
100 1 |a Cardoso, Pablo,  |d 1965-  |e author. 
245 1 3 |a El gorro del obispo /  |c de la obra, Pablo Cardoso ; del texto, Cristóbal Zapata. 
264 1 |a Cuenca, Ecuador :  |b Universidad del Azuay, Casa Editora,  |c [2025] 
300 |a 1 online resource :  |b color illustrations, color photographs. 
336 |a text  |b txt  |2 rdacontent 
337 |a computer  |b c  |2 rdamedia 
338 |a online resource  |b cr  |2 rdacarrier 
347 |a text file  |2 rdaft 
347 |b PDF 
588 0 |a Online resource; title from PDF title page (Digitalia, viewed January 19, 2026) 
650 0 |a Art, Ecuadorian. 
650 0 |a Artists  |z Ecuador  |z Cuenca. 
700 1 |a Zapata, Cristóbal,  |e author. 
791 2 |a Digitalia (Firm),  |e distributor. 
793 0 |g Digitalia eBook Collection:  |a Universidad del Azuay 
776 0 8 |i Print version:  |a Cardoso, Pablo, 1965-  |t Gorro del obispo.  |d Cuenca, Ecuador : Universidad del Azuay, Casa Editora, [2025]  |z 9789942670830 
856 4 0 |3 Digitalia Hispánica  |u https://www.digitaliapublishing.com/a/180855/ 
910 |a Premium collection: 2026